EuroNoise 2015 : proceedings of the 10th European Congress and Exposition on Noise Control Engineering. Maastricht, Netherlands, 1. - 3. 6. 2015
Guardado en:
| Autor Corporativo: | |
|---|---|
| Formato: | Procedimiento de la Conferencia Libro |
| Lenguaje: | inglés |
| Publicado: |
[s.l.] :
European Acoustics Association,
2015
|
| Etiquetas: |
Sin Etiquetas, Sea el primero en etiquetar este registro!
|
MARC
| LEADER | 00000nam a22000003a 4500 | ||
|---|---|---|---|
| 001 | 0005124 | ||
| 005 | 20151005104216.7 | ||
| 008 | 120711s2012----------------------------d | ||
| 022 | |a 2226-5147 | ||
| 040 | |a STU |b slo | ||
| 041 | 0 | |a eng | |
| 044 | |a ne | ||
| 111 | 2 | |a European Congress and Exposition on Noise Control Engineering |n 10th |d 1. - 3. 6. 2015 |c Maastricht, Holandsko | |
| 245 | |a EuroNoise 2015 : |b proceedings of the 10th European Congress and Exposition on Noise Control Engineering. Maastricht, Netherlands, 1. - 3. 6. 2015 |h elektronický zdroj | ||
| 260 | |a [s.l.] : |b European Acoustics Association, |c 2015 | ||
| 300 | |a USB kľúč | ||
| 996 | |c V* 593/A |l VV8 |s P |a 0 |w 0005124_0001 | ||